<?xml version="1.0" encoding="UTF-8"?><?xml-stylesheet type="text/xsl" href="static/style.xsl"?><OAI-PMH xmlns="http://www.openarchives.org/OAI/2.0/" xmlns:xsi="http://www.w3.org/2001/XMLSchema-instance" xsi:schemaLocation="http://www.openarchives.org/OAI/2.0/ http://www.openarchives.org/OAI/2.0/OAI-PMH.xsd"><responseDate>2026-04-17T11:51:02Z</responseDate><request verb="GetRecord" identifier="oai:www.recercat.cat:2099.1/11864" metadataPrefix="marc">https://recercat.cat/oai/request</request><GetRecord><record><header><identifier>oai:recercat.cat:2099.1/11864</identifier><datestamp>2025-07-23T03:39:22Z</datestamp><setSpec>com_2072_1033</setSpec><setSpec>col_2072_452951</setSpec></header><metadata><record xmlns="http://www.loc.gov/MARC21/slim" xmlns:dcterms="http://purl.org/dc/terms/" xmlns:xsi="http://www.w3.org/2001/XMLSchema-instance" xmlns:doc="http://www.lyncode.com/xoai" xsi:schemaLocation="http://www.loc.gov/MARC21/slim http://www.loc.gov/standards/marcxml/schema/MARC21slim.xsd">
   <leader>00925njm 22002777a 4500</leader>
   <datafield ind2=" " ind1=" " tag="042">
      <subfield code="a">dc</subfield>
   </datafield>
   <datafield ind2=" " ind1=" " tag="720">
      <subfield code="a">Martínez Cerro, Bianca</subfield>
      <subfield code="e">author</subfield>
   </datafield>
   <datafield ind2=" " ind1=" " tag="260">
      <subfield code="c">2011-01</subfield>
   </datafield>
   <datafield ind2=" " ind1=" " tag="520">
      <subfield code="a">El objetivo de este proyecto es la creación e&#xd;
implementación de una instalación solar fotovoltaica&#xd;
aislada, con una autonomía de 5 días y un índice de&#xd;
ocupación del 100% durante todos los meses del año. Se&#xd;
prevé el consumo de una potencia diaria (Ed) de 7732W,&#xd;
para abastecer las necesidades primarias y energéticas de&#xd;
las 38 familias que conforman el poblado indígena EL&#xd;
PROGRESO, ubicado en el trapecio amazónico&#xd;
colombiano.&#xd;
De cara a futuras ampliaciones del sistema, y para facilitar&#xd;
la manipulación de los elementos que conforman la&#xd;
instalación, la obtención de la potencia requerida, se&#xd;
obtendrá con pequeños subsistemas de generación de&#xd;
energía de unos pocos watios de potencia, dichos sistemas&#xd;
estarán agrupados según los consumos a ellos conectados.</subfield>
   </datafield>
   <datafield tag="653" ind2=" " ind1=" ">
      <subfield code="a">Àrees temàtiques de la UPC::Energies::Energia solar fotovoltaica::Instal·lacions solars de baixa potència independents</subfield>
   </datafield>
   <datafield tag="653" ind2=" " ind1=" ">
      <subfield code="a">Àrees temàtiques de la UPC::Desenvolupament humà i sostenible::Cooperació per al desenvolupament::Projectes de cooperació</subfield>
   </datafield>
   <datafield tag="653" ind2=" " ind1=" ">
      <subfield code="a">Photovoltaic power generation.</subfield>
   </datafield>
   <datafield tag="653" ind2=" " ind1=" ">
      <subfield code="a">Energia solar fotovoltaica</subfield>
   </datafield>
   <datafield ind2="0" ind1="0" tag="245">
      <subfield code="a">Instalación solar fotovoltaica aislada</subfield>
   </datafield>
</record></metadata></record></GetRecord></OAI-PMH>